Detalles MARC
| 000 -CABECERA |
| campo de control de longitud fija |
01165nam a2200301 a 4500 |
| 001 - NÚMERO DE CONTROL |
| campo de control |
000048440 |
| 005 - FECHA Y HORA DE LA ÚLTIMA TRANSACCIÓN |
| campo de control |
20250408123231.0 |
| 008 - DATOS DE LONGITUD FIJA--INFORMACIÓN GENERAL |
| campo de control de longitud fija |
100212s2018 dr r 000 0 spa d |
| 020 ## - NÚMERO INTERNACIONAL ESTÁNDAR DEL LIBRO |
| Número Internacional Estándar del Libro |
9789945503142 |
| 040 ## - FUENTE DE LA CATALOGACIÓN |
| Centro catalogador/agencia de origen |
DO-SdBNP |
| Lengua de catalogación |
spa |
| Centro/agencia transcriptor |
BNPHU |
| 082 ## - NÚMERO DE LA CLASIFICACIÓN DECIMAL DEWEY |
| Número de clasificación |
RD863.3 |
| Número de documento/Ítem |
P418c, 2018 |
| 100 1# - ENTRADA PRINCIPAL--NOMBRE DE PERSONA |
| Nombre de persona |
Penson, César Nicolás, |
| Fechas asociadas al nombre |
1855-1901 |
| 9 (RLIN) |
6475 |
| 245 10 - MENCIÓN DE TÍTULO |
| Título |
Cosas añejas : |
| Resto del título |
tradiciones y episodios de Santo Domingo / |
| Mención de responsabilidad, etc. |
César Nicolás Penson ; prólogo Manuel Nuñez. |
| 260 ## - PUBLICACIÓN, DISTRIBUCIÓN, ETC. |
| Lugar de publicación, distribución, etc. |
Santo Domingo : |
| Nombre del editor, distribuidor, etc. |
Nacional |
| -- |
Ministerio de Cultura de la República Dominicana, |
| Fecha de publicación, distribución, etc. |
2018. |
| 300 ## - DESCRIPCIÓN FÍSICA |
| Extensión |
XXVII, 359 p. ; |
| Dimensiones |
20 cm. |
| 490 1# - MENCIÓN DE SERIE |
| Mención de serie |
Biblioteca Dominicana Básica ; |
| 490 1# - MENCIÓN DE SERIE |
| Mención de serie |
Narrativa ; |
| Designación de volumen o secuencia |
12 ; |
| 500 ## - NOTA GENERAL |
| Nota general |
Incluye notas del autor del 1891. |
| 500 ## - NOTA GENERAL |
| Nota general |
Incluye notas a pie de páginas. |
| 500 ## - NOTA GENERAL |
| Nota general |
Incluye datos biografícos del autor en la solapa de la portada. |
| 504 ## - NOTA DE BIBLIOGRAFÍA, ETC. |
| Nota de bibliografía, etc. |
Bibliografía p: XXV-XXVII |
| 590 ## - NOTA LOCAL (RLIN) |
| Nota local |
Inventariado, 2019/YL |
| 650 #0 - PUNTO DE ACCESO ADICIONAL DE MATERIA--TÉRMINO DE MATERIA |
| Término de materia o nombre geográfico como elemento de entrada |
Cuentos dominicanos |
| 9 (RLIN) |
176 |
| 650 #0 - PUNTO DE ACCESO ADICIONAL DE MATERIA--TÉRMINO DE MATERIA |
| Término de materia o nombre geográfico como elemento de entrada |
Literatura dominicana. |
| 9 (RLIN) |
67 |
| 700 1# - PUNTO DE ACCESO ADICIONAL--NOMBRE DE PERSONA |
| Nombre de persona |
Núñez, Manuel, |
| Fechas asociadas al nombre |
1957- |
| Término indicativo de función/relación |
prólogo |
| 9 (RLIN) |
2366 |
| 830 #0 - PUNTO DE ACCESO ADICIONAL DE SERIE-TÍTULO UNIFORME |
| Título uniforme |
Narrativa |
| Número de parte o sección de la obra |
12 |
| 9 (RLIN) |
75854 |
| 830 #0 - PUNTO DE ACCESO ADICIONAL DE SERIE-TÍTULO UNIFORME |
| Título uniforme |
Biblioteca Dominicana Básica |
| 9 (RLIN) |
43171 |